MARC

LEADER 00000nam0a2200000 4500
001 301184
005 20231102001357.0
020 |a RU  |b 83-82609 
035 |a (RuTPU)RU\TPU\book\326337 
090 |a 301184 
100 |a 20150724g1983 m y0rusy5003 ca 
101 0 |a rus 
102 |a RU 
105 |a a j 001zy 
200 1 |a Групповые, геометрические и топологические методы в теории поля. Ч. 1  |e учебное пособие  |h Ч. 1  |f Д. Д. Иваненко, П. И. Пронин, Г. А. Сарданашвили  |g Московский государственный университет им. М. В. Ломоносова (МГУ) 
210 |a Москва  |c Изд-во МГУ  |d 1983 
215 |a 140 с. 
320 |a Указатель терминов: с. 136-140 
320 |a Библиогр. в конце разд. 
606 1 |a Поле, теория  |x (физика)  |2 stltpush  |3 (RuTPU)RU\TPU\subj\50048  |9 68808 
610 1 |a учебные пособия 
610 1 |a групповые методы 
610 1 |a геометрические методы 
610 1 |a геометрические методы 
610 1 |a геометрические методы 
610 1 |a группы симметрии 
610 1 |a множества 
610 1 |a пространственно-временные группы 
610 1 |a внутренняя симметрия 
610 1 |a многообразия 
610 1 |a расслоения 
675 |a 530.145(075.8)  |v 3 
700 1 |a Иваненко  |b Д. Д.  |g Дмитрий Дмитриевич 
701 1 |a Пронин  |b П. И.  |g Петр Иванович 
701 1 |a Сарданашвили  |b Г. А.  |g Геннадий Александрович 
712 0 2 |a Московский государственный университет им. М. В. Ломоносова (МГУ)  |2 stltpush  |3 (RuTPU)RU\TPU\col\7 
801 0 |a RU  |b RuMRKP  |c 19950704  |g psbo 
801 1 |a RU  |b 63413507  |c 20150724 
801 2 |a RU  |b 63413507  |c 20190603  |g RCR 
942 |c BK